| 000 | 00381 a2200133 4500 | ||
|---|---|---|---|
| 005 | 20250610125730.0 | ||
| 020 | _a9789976780833 | ||
| 082 | _a657.4 NBA | ||
| 111 | _aNBAA | ||
| 245 | _aB3 Auditing Principles and Practice Study Text | ||
| 260 |
_aDar es Salaam, Tanzania _bNational Board of Accountants and Auditors _c2019 |
||
| 300 |
_av,464p.;ill.;tables _c29.5cm |
||
| 942 |
_2ddc _cBKS |
||
| 999 |
_c3612 _d3612 |
||